| 000 | 02379nam0a2200433 i 4500 | ||
|---|---|---|---|
| 001 | RU\NLR\BIBL_A\011467679 | ||
| 005 | 20260407124932.0 | ||
| 010 |
_a9785979309866 _9500 |
||
| 021 |
_aRU _b2017-58535 _94154 |
||
| 035 | _a(RuMoRGB)008959861 | ||
| 035 | _a(NLR Aleph) 011467679 | ||
| 090 |
_a11837815 _c11837815 |
||
| 100 | _a20170907d2017 km y0rusy50 ca | ||
| 101 | 0 | _arus | |
| 102 | _aRU | ||
| 105 | _ay|||z|||000yy | ||
| 200 | 1 |
_aСоциальные эффекты развития горнорудной отрасли трансграничных регионов (на материале России, Монголии, Китая) _eмонография _f[И.Г. Актамов, Д.Д. Бадараев, Т.Б. Бадмацыренов и др. _gответственный редактор И.Г. Актамов] _gМинистерство образования и науки Российской Федерации, Бурятский государственный университет |
|
| 210 |
_aУлан-Удэ _cИзд-во Бурятского госуниверситета _d2017 |
||
| 215 |
_a138 с. _d21 |
||
| 300 | _aАвт. указаны на обороте тит. л. | ||
| 320 | _aБиблиогр.: с. 133-138 (61 назв.) и в подстроч. примеч. | ||
| 606 | 1 |
_aГорнорудная промышленность _yРоссийская Федерация _92079303 _3RU\NLR\AUTH\661255180 |
|
| 606 | 1 |
_aГорная промышленность _yМонголия _92525353 _3RU\NLR\AUTH\661496146 |
|
| 606 |
_aГорная промышленность _yКитай _91463002 _3RU\NLR\AUTH\66311378 |
||
| 686 |
_aУ9(2)305.40,0 _2rubbk |
||
| 686 |
_aУ9(5Кит)305.40,0 _2rubbk |
||
| 686 |
_aУ9(5Мо)305.40,0 _2rubbk |
||
| 686 | 1 | _aУ30(2)545.1 | |
| 686 | 1 | _aУ30(Мо)545.1 | |
| 686 | 1 | _aУ30(5Кит)545.1 | |
| 701 | 1 |
_aАктамов _bИ. Г. _gИннокентий Галималаевич |
|
| 701 | 1 |
_aБадараев _bД. Д. _gДамдин Доржиевич |
|
| 701 | 1 |
_aБадмацыренов _bТ. Б. _gТимур Баторович |
|
| 712 | 0 | 2 |
_4570 _aБурятский государственный университет _cУлан-Удэ _3RU\NLR\AUTH\889967935 _9432229 |
| 942 | _cBOOK | ||
| 980 | _aNBR | ||